[Event "Memorial Braci Bieluczykow gr. B"]
[Site "Bialystok"]
[Date "2011.??.??"]
[Round "9.2"]
[White "Daciuk, Jaroslaw"]
[Black "Puksza, Andrzej"]
[Result "1-0"]
[WhiteElo "1594"]
[BlackElo "1997"]
[PlyCount "173"]
[EventDate "2011.??.??"]

1. c4 c6 2. d4 d5 3. cxd5 cxd5 4. Nc3 Bf5 5. Nf3 e6 6. g3 Nf6 7. Bg2 Nc6 8. a3
Bd6 9. O-O O-O 10. h3 Ne4 11. Nxe4 Bxe4 12. Ng5 Bxg2 13. Kxg2 Qb6 14. Qd3 g6
15. Nf3 Rfe8 16. Bh6 Rad8 17. h4 e5 18. dxe5 Nxe5 19. Nxe5 Bxe5 20. Rab1 Qd4
21. Qxd4 Bxd4 22. Rfd1 Bf6 23. Rd2 Re6 24. Rbd1 Red6 25. Bf4 R6d7 26. b3 Kf8
27. Rd3 d4 28. Bc1 Rc7 29. Bb2 Rc2 30. R1d2 Rxd2 31. Rxd2 Ke7 32. Kf3 Ke6 33.
Ke4 Be7 34. b4 f5+ 35. Kd3 Bf6 36. Rc2 Rd7 37. Rc4 Ke7 38. b5 f4 39. Bxd4 fxg3
40. fxg3 Be5 41. g4 Bg3 42. h5 gxh5 43. gxh5 b6 44. Ke4 Kf7 45. Rc8 Re7+ 46.
Kd3 Bd6 47. a4 Ke6 48. Rc6 Kd7 49. Bc3 Rf7 50. Rc4 Rf5 51. h6 Rh5 52. Bg7 Rh3+
53. e3 Bc5 54. Re4 Rh1 55. Rf4 Rh3 56. Bd4 Be7 57. Bg7 Bg5 58. Re4 Bxh6 59. Be5
Bg5 60. Bb8 Kc8 61. Re8+ Kd7 62. Re4 Kc8 63. Bf4 Bd8 64. Rc4+ Kb7 65. Rd4 Kc8
66. Rd6 Rh1 67. Rc6+ Kb7 68. Ke4 Ra1 69. Rc4 a6 70. Rd4 Bf6 71. Rd7+ Kc8 72.
Rc7+ Kd8 73. Rc4 axb5 74. axb5 Be7 75. Bc7+ Kd7 76. Bxb6 Rb1 77. Rd4+ Ke6 78.
Rd5 Bf6 79. Rh5 h6 80. Rxh6 Rxb5 81. Bd4 Rf5 82. Rxf6+ Rxf6 83. Bxf6 Kxf6 84.
Kd5 Ke7 85. Ke5 Kf8 86. Kf6 Ke8 87. e4 1-0

[Event "Memorial Braci Bieluczykow gr. B"]
[Site "Bialystok"]
[Date "2011.??.??"]
[Round "9.3"]
[White "Filewicz, Przemyslaw"]
[Black "Bernacki, Gabriel"]
[Result "0-1"]
[WhiteElo "1453"]
[BlackElo "1947"]
[PlyCount "114"]
[EventDate "2011.??.??"]

1. e4 c6 2. d4 d5 3. e5 Bf5 4. Bd3 Bxd3 5. Qxd3 e6 6. Nf3 Ne7 7. Bg5 Qb6 8. Qb3
Nd7 9. Nbd2 h6 10. Bxe7 Bxe7 11. O-O Rc8 12. c3 Qa6 13. Rac1 b5 14. a3 Nb6 15.
Qd1 Rc7 16. Qe2 Qc8 17. Ne1 a5 18. Nd3 Nc4 19. f4 g6 20. Kh1 Nxd2 21. Qxd2 c5
22. Qe2 c4 23. Nf2 Kd7 24. Ng4 Qa8 25. Nf6+ Kc6 26. g4 Qd8 27. f5 Bxf6 28. exf6
Qxf6 29. fxe6 Qxe6 30. Qxe6+ fxe6 31. Rf6 Re7 32. Re1 g5 33. Rexe6+ Rxe6 34.
Rxe6+ Kc7 35. Kg2 b4 36. Ra6 Re8 37. Kf2 Rf8+ 38. Ke2 Re8+ 39. Kd2 Rf8 40. axb4
axb4 41. cxb4 Rf2+ 42. Kc1 Rxh2 43. b5 Rh4 44. Rc6+ Kb7 45. Rc5 Rxg4 46. Rxd5
h5 47. Rf5 h4 48. d5 h3 49. d6 h2 50. Rf7+ Kb6 51. d7 h1=Q+ 52. Kc2 Qg2+ 53.
Kb1 Qe4+ 54. Ka2 Qa8+ 55. Kb1 Rg1+ 56. Kc2 Qe4+ 57. Kc3 Qd3+ 0-1

[Event "Memorial Braci Bieluczykow gr. B"]
[Site "Bialystok"]
[Date "2011.??.??"]
[Round "9.4"]
[White "Gorbacz, Filip"]
[Black "Zoch, Tomasz"]
[Result "1-0"]
[WhiteElo "1652"]
[BlackElo "1883"]
[PlyCount "107"]
[EventDate "2011.??.??"]

1. e4 d6 2. d4 Nf6 3. Nc3 g6 4. Bg5 Bg7 5. Qd2 c6 6. f4 O-O 7. Nf3 b5 8. a3
Nbd7 9. e5 Ne8 10. Ne4 Nb6 11. Rd1 Bf5 12. Nf2 Nc7 13. Be2 Re8 14. O-O Qd7 15.
b3 Rad8 16. c4 bxc4 17. bxc4 f6 18. Bh4 dxe5 19. dxe5 Qxd2 20. Rxd2 Rxd2 21.
Nxd2 fxe5 22. fxe5 Bxe5 23. Bf3 c5 24. Bc6 Bd7 25. Bxd7 Nxd7 26. Nf3 Bf6 27.
Bg3 Ne6 28. Rb1 Nb6 29. Nd2 Rd8 30. Nfe4 Bd4+ 31. Kf1 Be3 32. Ke2 Bh6 33. Rb2
Nf4+ 34. Bxf4 Bxf4 35. g3 Bd6 36. a4 Be5 37. Rb3 Nxa4 38. Ra3 Nb6 39. Rxa7 Nd7
40. Ng5 Nf8 41. Ngf3 Bd6 42. Ke3 Ne6 43. Ne4 Kf7 44. Nfg5+ Nxg5 45. Nxg5+ Kg8
46. Ne4 Rb8 47. Nxd6 exd6 48. Ke4 Rb2 49. Kd5 Rd2+ 50. Ke6 Rxh2 51. Kxd6 Rh3
52. Rc7 Rxg3 53. Rxc5 Kf7 54. Rd5 1-0

[Event "Memorial Braci Bieluczykow gr. B"]
[Site "Bialystok"]
[Date "2011.??.??"]
[Round "9.5"]
[White "Kozaczynska, Aleksandra"]
[Black "Filimoniuk, Marcin"]
[Result "0-1"]
[WhiteElo "1484"]
[BlackElo "1768"]
[PlyCount "98"]
[EventDate "2011.??.??"]

1. e4 Nc6 2. d4 d5 3. exd5 Qxd5 4. Nf3 e5 5. Nc3 Bb4 6. dxe5 Bxc3+ 7. bxc3
Qxd1+ 8. Kxd1 Bg4 9. Be2 O-O-O+ 10. Bd2 Bxf3 11. Bxf3 Nxe5 12. Be2 Nf6 13. f3
Nd5 14. Kc1 Rhe8 15. Kb2 Nb6 16. Rad1 Nbc4+ 17. Bxc4 Nxc4+ 18. Kc1 Re2 19. Bg5
Rxd1+ 20. Rxd1 f6 21. Bf4 Rxg2 22. Rh1 Rf2 23. Rg1 g5 24. Bg3 Rxf3 25. Re1 Kd7
26. Rd1+ Kc6 27. Re1 h5 28. Re7 Rf1+ 29. Be1 Kd6 30. Re2 f5 31. Kd1 f4 32. Re4
Ne3+ 33. Ke2 Rh1 34. Rd4+ Ke5 35. Rd2 Rxh2+ 36. Kd3 Rxd2+ 37. Bxd2 c5 38. Bxe3
fxe3 39. Kxe3 c4 40. Kf3 g4+ 41. Kg3 Ke4 42. Kf2 h4 43. Kg2 Ke3 44. Kf1 Kf3 45.
Kg1 g3 46. Kh1 g2+ 47. Kg1 Kg3 48. a4 h3 49. a5 h2# 0-1

[Event "Memorial Braci Bieluczykow gr. B"]
[Site "Bialystok"]
[Date "2011.??.??"]
[Round "9.7"]
[White "Chmielecka, Aleksandra"]
[Black "Burakowska, Gabriela"]
[Result "1-0"]
[WhiteElo "1519"]
[BlackElo "1585"]
[PlyCount "105"]
[EventDate "2011.??.??"]

1. Nf3 c5 2. c4 e6 3. g3 Nc6 4. Bg2 Nf6 5. O-O Be7 6. b3 O-O 7. Bb2 d6 8. d4
Qc7 9. Nbd2 cxd4 10. Nxd4 Nxd4 11. Bxd4 Bd7 12. Ne4 Nxe4 13. Bxe4 Bc6 14. Qc2
Bxe4 15. Qxe4 Rfd8 16. Rac1 b6 17. Rfd1 Rac8 18. Bb2 Qc6 19. Qg4 Bf8 20. h4 f5
21. Qd4 e5 22. Qd5+ Qxd5 23. Rxd5 Kf7 24. Rcd1 Be7 25. f4 exf4 26. Rxf5+ Ke6
27. Rxf4 Bf6 28. Bxf6 gxf6 29. Rd5 Rg8 30. Kf2 Rc5 31. Rfd4 Rxd5 32. Rxd5 f5
33. Kf3 h6 34. Rd4 h5 35. e4 Rf8 36. exf5+ Rxf5+ 37. Rf4 Ra5 38. a4 a6 39. g4
hxg4+ 40. Kxg4 Rc5 41. h5 Rc8 42. Rf5 Rg8+ 43. Rg5 Rf8 44. h6 Rh8 45. Kh5 Kf6
46. Rg6+ Ke7 47. Kg5 Kf7 48. Rg7+ Ke6 49. h7 a5 50. Kg6 Rf8 51. Rg8 Rf6+ 52.
Kg5 Rf5+ 53. Kg4 1-0

[Event "Memorial Braci Bieluczykow gr. B"]
[Site "Bialystok"]
[Date "2011.??.??"]
[Round "9.8"]
[White "Gierda, Piotr"]
[Black "Grabarczyk, Edmund"]
[Result "1-0"]
[WhiteElo "1504"]
[BlackElo "1571"]
[PlyCount "75"]
[EventDate "2011.??.??"]

1. e4 c5 2. Nf3 b6 3. d4 d6 4. d5 Ba6 5. c4 g6 6. Bd2 Bg7 7. Bc3 Nf6 8. Nbd2
O-O 9. Be2 Nbd7 10. O-O e6 11. Rc1 Re8 12. Re1 e5 13. Bd3 Nh5 14. g3 Rb8 15. a4
Bc8 16. Bf1 Nf8 17. b4 a6 18. Rb1 Bd7 19. a5 b5 20. bxc5 dxc5 21. cxb5 axb5 22.
Nb3 Qc8 23. Qc2 f5 24. Qb2 Qc7 25. Rbd1 fxe4 26. d6 Qc6 27. Nxe5 Bxe5 28. Bxe5
Ne6 29. Bg2 Ng5 30. Re3 Re6 31. g4 Rbe8 32. Bh8 Nf7 33. gxh5 Nxh8 34. h6 Re5
35. Bxe4 Qc8 36. f4 R5e7 37. dxe7 Rxe7 38. Bd5+ 1-0